000 00695nam a2200289Ia 4500
005 20260324120609.0
008 008 260324s9999 xx 000 0 eng d
020 _a9781315771212
037 _aEBOOK
040 _aCRL
040 _beng
040 _cCRL
041 _2eng
041 _aeng
084 _qCRL
100 _aSelver B. Sahin
_91159210
245 0 _aInternational Intervention and State-making
245 0 _bHow Exception Became the Norm
260 _bTaylor and Francis
260 _c2015
365 _a
365 _b70.99
856 _uhttp://www.taylorfrancis.com/books/9781315771212
942 _cEBOOK
999 _c1750826
_d1750826